Entrepreneurship Development & Small Business Management (Record no. 11490)

MARC details
000 -LEADER
fixed length control field 00428nam a22001697a 4500
003 - CONTROL NUMBER IDENTIFIER
control field OSt
008 - FIXED-LENGTH DATA ELEMENTS--GENERAL INFORMATION
fixed length control field 220826b ||||| |||| 00| 0 eng d
020 ## - INTERNATIONAL STANDARD BOOK NUMBER
International Standard Book Number 817100962x
082 ## - DEWEY DECIMAL CLASSIFICATION NUMBER
Classification number 658.421 BHE
100 ## - MAIN ENTRY--PERSONAL NAME
Personal name BHATIA,B.S.
245 ## - TITLE STATEMENT
Title Entrepreneurship Development & Small Business Management
250 ## - EDITION STATEMENT
Edition statement Rep
260 ## - PUBLICATION, DISTRIBUTION, ETC. (IMPRINT)
Place of publication, distribution, etc New Delhi
Name of publisher, distributor, etc Deep & Deep Publication
Date of publication, distribution, etc 2007
300 ## - PHYSICAL DESCRIPTION
Extent 272
700 ## - ADDED ENTRY--PERSONAL NAME
Personal name BATRA,G.S.
942 ## - ADDED ENTRY ELEMENTS (KOHA)
Source of classification or shelving scheme Dewey Decimal Classification
Koha item type Text Books
Holdings
Withdrawn status Lost status Source of classification or shelving scheme Damaged status Not for loan Collection code Home library Current library Date acquired Source of acquisition Currency Cost, normal purchase price Bill Number Total Checkouts Full call number Acc. no. / Barcode Date last seen Date last borrowed Actual Cost, discounted price Bill Date Koha item type
    Dewey Decimal Classification     BBA PIET C-LIBRARY PIET C-LIBRARY 26/08/2022 Kirti Prakashan Indian Rup 350.00 IN811 1 658.421 BHE 33849 13/02/2023 27/01/2023 227.50 24/08/2022 Text Books
    Dewey Decimal Classification     BBA PIET C-LIBRARY PIET C-LIBRARY 26/08/2022 Kirti Prakashan Indian Rup 350.00 IN811   658.421 BHE 33850 26/08/2022   227.50 24/08/2022 Text Books

Design & Developed by: PIET Central Library
R70 Miles Stone Pattikalyana Samalkha Panipat 132102
mail ID :- [email protected], Phone No:- 0180-2569700 Ex.216